[Event "HUN-chT2 Charousek 1819"]
[Site "Hungary"]
[Date "2019.02.24"]
[Round "8.9"]
[White "Haselbach, David"]
[Black "Szukics, Adam"]
[Result "0-1"]
[WhiteElo "2046"]
[BlackElo "2148"]
[PlyCount "98"]
[EventDate "2018.09.23"]
[EventType "team-tourn"]
[EventRounds "11"]
[EventCountry "HUN"]
[SourceTitle "CBM 189 Extra"]
[Source "ChessBase"]
[SourceDate "2019.06.03"]
[SourceVersion "1"]
[SourceVersionDate "2019.06.03"]
[SourceQuality "1"]
[WhiteTeam "Aquaprofit Nagykanizsa II"]
[BlackTeam "Haladas Szombathely II"]
[WhiteTeamCountry "HUN"]
[BlackTeamCountry "HUN"]

1. d4 d5 2. Bf4 Nf6 3. e3 c5 4. c3 Nc6 5. Nd2 e6 6. Ngf3 cxd4 7. exd4 Bd6 8. Bg3 Nh5 9. Bxd6 Qxd6 10. Ne5 Nf4 11. Nd3 0-0 12. Nxf4 Qxf4 13. Qf3 Qd6 14. Be2 f6 15. 0-0 e5 16. Qg3 Ne7 17. dxe5 fxe5 18. Nf3 Ng6 19. Rfe1 Nf4 20. Bf1 e4 21. Nd4 Rf6 22. Qe3 Bd7 23. g3 Nh3+ 24. Bxh3 Bxh3 25. f4 exf3 26. Nxf3 Raf8 27. Ng5 Bf5 28. Qd4 Rg6 29. Qd2 h6 30. Nf3 Be4 31. Nh4 Qb6+ 32. Re3 Rgf6 33. Rae1 Qa6 34. Qe2 Qxa2 35. b4 Qxe2 36. R3xe2 Rc8 37. Re3 g5 38. Ng2 Ra6 39. Rf1 Ra2 40. Ne1 Ra3 41. Rf6 Kg7 42. Rd6 Rc7 43. h4 g4 44. Ng2 Rcxc3 45. Rxc3 Rxc3 46. Ne1 Rxg3+ 47. Kf2 Rb3 48. Rd7+ Kf6 49. Rxb7 g3+ 0-1

[Event "HUN-ch rapid"]
[Site "Ajka"]
[Date "2018.07.22"]
[Round "12"]
[White "Hajnal, Zoltan"]
[Black "Szukics, Adam"]
[Result "1-0"]
[WhiteElo "2400"]
[BlackElo "2111"]
[PlyCount "69"]
[EventDate "2018.07.20"]
[EventType "swiss (rapid)"]
[EventRounds "13"]
[EventCountry "HUN"]
[SourceTitle "EXT 2019"]
[Source "ChessBase"]
[SourceDate "2018.10.10"]
[SourceVersion "1"]
[SourceVersionDate "2018.10.10"]
[SourceQuality "1"]

1. e4 e5 2. Nf3 Nc6 3. Bc4 Bc5 4. c3 Nf6 5. d3 d5 6. exd5 Nxd5 7. 0-0 0-0 8. Re1 Bg4 9. h3 Bh5 10. b4 Bb6 11. g4 Bg6 12. Qb3 Nf4 13. Bxf4 exf4 14. a4 a6 15. d4 h5 16. Nbd2 hxg4 17. hxg4 Qd7 18. Nh2 Rae8 19. Kg2 Nxd4 20. cxd4 Qxd4 21. Ndf3 Qxf2+ 22. Kh1 Re3 23. Rxe3 fxe3 24. Rf1 Qg3 25. Bd3 e2 26. Bxe2 Re8 27. Bc4 Re3 28. Qd1 Be4 29. Qd8+ Kh7 30. Bd5 Bxf3+ 31. Bxf3 Qh3 32. a5 Ba7 33. Qxc7 Qh4 34. Qxf7 Re1 35. Be4+ 1-0

[Event "Heinola Suomi 100 ottelu Vierumaki"]
[Site "Heinola"]
[Date "2017.11.17"]
[Round "1"]
[White "Ruotanen, Helge"]
[Black "Szukics, Adam"]
[Result "1/2-1/2"]
[WhiteElo "1922"]
[BlackElo "2061"]
[PlyCount "108"]
[EventDate "2017.11.17"]
[EventType "swiss"]
[EventRounds "3"]
[EventCountry "FIN"]
[SourceTitle "EXT 2022"]
[Source "ChessBase"]
[SourceDate "2021.10.06"]
[SourceVersion "1"]
[SourceVersionDate "2021.10.06"]
[SourceQuality "1"]

1. g3 Nf6 2. Bg2 d5 3. d3 e6 4. Nd2 Be7 5. c4 0-0 6. Ngf3 c5 7. 0-0 Nc6 8. b3 Re8 9. e4 dxe4 10. dxe4 Nd7 11. Bb2 Bf6 12. Qc1 Bd4 13. Nxd4 cxd4 14. Nf3 e5 15. Qd2 Nc5 16. Ne1 a5 17. Nd3 Qb6 18. Rac1 Be6 19. Nxc5 Qxc5 20. a4 Ra6 21. Rb1 Rb6 22. Qd1 Qb4 23. Ba1 f6 24. f4 Nd8 25. fxe5 fxe5 26. Bf3 Bh3 27. Rf2 Rf6 28. Bg4 Rxf2 29. Kxf2 Rf8+ 30. Kg1 Rf1+ 31. Qxf1 Bxf1 32. Rxf1 Qxb3 33. c5 Qe3+ 34. Kg2 Qxe4+ 35. Bf3 Qc2+ 36. Rf2 Qxc5 37. Bb2 h6 38. Be4 Qb4 39. Bc1 Qe1 40. Bd5+ Kh7 41. Bd2 Qb1 42. Bxa5 Nc6 43. Bd2 e4 44. Rf4 Qb2 45. Bxe4+ g6 46. Rf2 Qb3 47. h4 h5 48. a5 Ne5 49. Bc1 Ng4 50. Rb2 Ne3+ 51. Kh2 Ng4+ 52. Kg2 Ne3+ 53. Kh2 Ng4+ 54. Kg2 Ne3+ 1/2-1/2

[Event "Mare di Fano op 6th"]
[Site "Fano"]
[Date "2017.07.31"]
[Round "4"]
[White "Partac, Elena"]
[Black "Szukics, Adam"]
[Result "1-0"]
[WhiteElo "2108"]
[BlackElo "2269"]
[PlyCount "63"]
[EventDate "2017.07.29"]
[EventType "swiss"]
[EventRounds "9"]
[EventCountry "ITA"]
[SourceTitle "EXT 2018"]
[Source "ChessBase"]
[SourceDate "2017.10.13"]
[SourceVersion "1"]
[SourceVersionDate "2017.10.13"]
[SourceQuality "1"]

1. e4 e5 2. Bc4 Nc6 3. d3 Nf6 4. a3 d5 5. exd5 Nxd5 6. Nf3 Be6 7. 0-0 Be7 8. Re1 Bf6 9. Bb5 Qd6 10. Nbd2 Qc5 11. c4 Nb6 12. b4 Qe7 13. Bb2 0-0-0 14. c5 Nd7 15. Bxc6 bxc6 16. Qa4 Nb8 17. Nxe5 Bxe5 18. Bxe5 Rxd3 19. Nf3 a6 20. Bg3 Kb7 21. Qa5 Rc8 22. a4 Ka7 23. Rac1 Rd5 24. b5 cxb5 25. axb5 Ka8 26. bxa6 c6 27. Bd6 Qa7 28. Rb1 Nxa6 29. Ra1 Rxd6 30. cxd6 Bc4 31. Re7 Qb8 32. Qxa6+ 1-0

[Event "Zalakaros op 36th"]
[Site "Zalakaros"]
[Date "2017.05.20"]
[Round "3"]
[White "Szukics, Adam"]
[Black "Borsos, Bogdan"]
[Result "1/2-1/2"]
[WhiteElo "2229"]
[BlackElo "2321"]
[PlyCount "97"]
[EventDate "2017.05.18"]
[EventType "swiss"]
[EventRounds "9"]
[EventCountry "HUN"]
[SourceTitle "CBM 178 Extra"]
[Source "ChessBase"]
[SourceDate "2017.06.22"]
[SourceVersion "1"]
[SourceVersionDate "2017.06.22"]
[SourceQuality "1"]

1. e4 e5 2. Nf3 Nc6 3. Bb5 Nf6 4. d3 Bc5 5. c3 0-0 6. 0-0 d6 7. Nbd2 Bb6 8. Nc4 Ne7 9. Bg5 c6 10. Ba4 Bc7 11. Bxf6 gxf6 12. Ne3 Kh8 13. Nh4 Rg8 14. Bb3 Be6 15. Qf3 Ng6 16. Nhf5 Qf8 17. Rad1 Ne7 18. Nxe7 Qxe7 19. Kh1 Rg5 20. h4 Rg6 21. Nf5 Qd7 22. g4 Rag8 23. Rg1 d5 24. Kh2 Rd8 25. Kh3 a5 26. Bc2 Rdg8 27. Kh2 Ra8 28. a4 c5 29. Ne3 d4 30. Nf5 Rag8 31. c4 Bd6 32. Rg3 Bf8 33. h5 Rg5 34. Rdg1 Bxf5 35. gxf5 Bh6 36. Kh3 Qd8 37. Bd1 Qb6 38. Qe2 Qb4 39. R1g2 R8g7 40. Rg1 Kg8 41. Qc2 Kf8 42. Qe2 Ke7 43. Qc2 Rxg3+ 44. fxg3 Be3 45. Rf1 Rg5 46. Rh1 Kf8 47. Rf1 Kg7 48. Rh1 Kh6 49. Rf1 1/2-1/2

[Event "HUN-chT 1617"]
[Site "Hungary"]
[Date "2016.11.13"]
[Round "2.11"]
[White "Szukics, Adam"]
[Black "Dobos, Jozsef"]
[Result "1/2-1/2"]
[WhiteElo "2290"]
[BlackElo "2283"]
[PlyCount "81"]
[EventDate "2016.10.30"]
[EventType "team-tourn"]
[EventRounds "9"]
[EventCountry "HUN"]
[SourceTitle "CBM 175 Extra"]
[Source "ChessBase"]
[SourceDate "2016.12.12"]
[SourceVersion "1"]
[SourceVersionDate "2016.12.12"]
[SourceQuality "1"]
[WhiteTeam "HVSE Infraplan"]
[BlackTeam "Csuti"]
[WhiteTeamCountry "HUN"]
[BlackTeamCountry "HUN"]

1. e4 g6 2. d4 Bg7 3. Nf3 c6 4. Nc3 d5 5. h3 Nf6 6. Bd3 dxe4 7. Nxe4 Nxe4 8. Bxe4 Nd7 9. 0-0 Qc7 10. Re1 0-0 11. Bd3 e6 12. c3 b6 13. Qe2 Bb7 14. Ne5 Nxe5 15. dxe5 Qe7 16. Bf4 h6 17. Qe3 Kh7 18. Rad1 Rad8 19. Be4 c5 20. Qf3 Bxe4 21. Qxe4 Qc7 22. h4 h5 23. b3 Rd7 24. c4 Rfd8 25. Rd6 Rxd6 26. exd6 Qd7 27. g4 e5 28. Bg5 f6 29. gxh5 Qf7 30. hxg6+ Qxg6 31. Qxg6+ Kxg6 32. Be3 Rxd6 33. Kg2 Bh6 34. h5+ Kh7 35. Kf3 Bxe3 36. Kxe3 f5 37. Rg1 Kh6 38. f3 a5 39. Rg8 Re6 40. Rh8+ Kg7 41. Rd8 1/2-1/2

[Event "Mare di Fano op 5th"]
[Site "Fano"]
[Date "2016.08.04"]
[Round "7"]
[White "Corvi, Marco"]
[Black "Szukics, Adam"]
[Result "0-1"]
[WhiteElo "2343"]
[BlackElo "2140"]
[PlyCount "102"]
[EventDate "2016.07.30"]
[EventType "swiss"]
[EventRounds "9"]
[EventCountry "ITA"]
[SourceTitle "CBM 173 Extra"]
[Source "ChessBase"]
[SourceDate "2016.08.29"]
[SourceVersion "1"]
[SourceVersionDate "2016.08.29"]
[SourceQuality "1"]

1. c4 e5 2. Nc3 Nf6 3. g3 Nc6 4. Bg2 Bb4 5. Nf3 0-0 6. 0-0 e4 7. Ng5 Bxc3 8. bxc3 Re8 9. d3 exd3 10. exd3 d6 11. Qb3 h6 12. Ne4 Ne5 13. d4 Nxe4 14. Bxe4 Ng4 15. Bg2 Rb8 16. h3 Nf6 17. Bf4 Bf5 18. c5 d5 19. Rfe1 Ne4 20. f3 Nf6 21. g4 Be6 22. Qa4 Ra8 23. Rab1 Bd7 24. Qa5 b6 25. Qa6 Bc6 26. Bf1 Rxe1 27. Rxe1 Qd7 28. Bd3 Nh7 29. Bc2 Bb5 30. Qb7 Re8 31. Re5 Rxe5 32. dxe5 bxc5 33. Bf5 Qc6 34. Qxa7 d4 35. Be4 Qb6 36. Qa8+ Nf8 37. cxd4 cxd4 38. Kg2 Bc4 39. Qa3 c5 40. Bd2 Qb5 41. Kg1 Bf1 42. Qc1 Bd3 43. a4 Qb3 44. Bc6 c4 45. a5 c3 46. Bf4 Ne6 47. Bg3 Ba6 48. Bf2 d3 49. Be3 Nd4 50. e6 fxe6 51. Kf2 Qb2+ 0-1

[Event "Mare di Fano op 5th"]
[Site "Fano"]
[Date "2016.07.30"]
[Round "1"]
[White "Wieczorek, Oskar"]
[Black "Szukics, Adam"]
[Result "1-0"]
[WhiteElo "2458"]
[BlackElo "2140"]
[PlyCount "115"]
[EventDate "2016.07.30"]
[EventType "swiss"]
[EventRounds "9"]
[EventCountry "ITA"]
[SourceTitle "CBM 173 Extra"]
[Source "ChessBase"]
[SourceDate "2016.08.29"]
[SourceVersion "1"]
[SourceVersionDate "2016.08.29"]
[SourceQuality "1"]

1. e4 e5 2. Nf3 Nc6 3. Bb5 a6 4. Ba4 Nf6 5. 0-0 b5 6. Bb3 Bc5 7. a4 Rb8 8. axb5 axb5 9. d3 h6 10. Nc3 d6 11. h3 0-0 12. Nd5 Be6 13. c3 Bb6 14. Nxb6 Bxb3 15. Qxb3 Rxb6 16. Be3 Rb8 17. Ra6 Qd7 18. Rfa1 Rfe8 19. Nd2 Nh5 20. d4 Nd8 21. d5 Nb7 22. Qb4 Nf4 23. Bxf4 exf4 24. Ra7 Nc5 25. Qd4 Qd8 26. b4 Nd7 27. Nf3 Ne5 28. Nxe5 Rxe5 29. f3 Qe7 30. c4 f5 31. c5 fxe4 32. cxd6 Qxd6 33. R1a6 Rb6 34. Rxb6 cxb6 35. fxe4 f3 36. Ra8+ Kh7 37. Ra3 fxg2 38. Rg3 Qc7 39. d6 Qc1+ 40. Kxg2 Qc2+ 41. Kf3 Rg5 42. Rxg5 Qb3+ 43. Qe3 Qd1+ 44. Qe2 Qb3+ 45. Kg2 hxg5 46. d7 g4 47. hxg4 Qg8 48. Qd3 Qd8 49. e5+ g6 50. e6 Qa8+ 51. Qf3 Qa2+ 52. Kh3 Qd2 53. Qf7+ Kh6 54. Qf8+ Kh7 55. Qe7+ Kh6 56. g5+ Kh5 57. Qh7+ Kxg5 58. d8Q+ 1-0

[Event "HUN-ch U18"]
[Site "Balatonlelle"]
[Date "2016.06.27"]
[Round "4"]
[White "Szukics, Adam"]
[Black "Juhasz, Armin"]
[Result "0-1"]
[WhiteElo "2140"]
[BlackElo "2424"]
[PlyCount "74"]
[EventDate "2016.06.24"]
[EventType "swiss"]
[EventRounds "7"]
[EventCountry "HUN"]
[SourceTitle "CBM 173 Extra"]
[Source "ChessBase"]
[SourceDate "2016.08.29"]
[SourceVersion "1"]
[SourceVersionDate "2016.08.29"]
[SourceQuality "1"]

1. e4 c5 2. Nf3 Nc6 3. d4 cxd4 4. Nxd4 Qb6 5. Nb3 Nf6 6. Nc3 e6 7. Be3 Qc7 8. Qd2 a6 9. f3 Be7 10. Be2 0-0 11. f4 d6 12. Bf3 b5 13. 0-0 Bb7 14. Rfe1 Nd7 15. Qf2 Bf6 16. Rad1 Bxc3 17. bxc3 Ne7 18. Bd4 e5 19. Be3 f5 20. exf5 Nxf5 21. Bxb7 Qxb7 22. Qd2 Rac8 23. Bf2 exf4 24. Nd4 Nxd4 25. cxd4 Qd5 26. c3 f3 27. Re3 fxg2 28. Bg3 Rf1+ 29. Rxf1 gxf1Q+ 30. Kxf1 Qh1+ 31. Ke2 Rf8 32. Qe1 Qd5 33. Qd2 Nb6 34. Qc2 Nc4 35. Re4 Qh5+ 36. Ke1 Qf3 37. Rf4 Re8+ 0-1

[Event "HUN-chT 1415"]
[Site "Hungary"]
[Date "2015.04.26"]
[Round "9.5"]
[White "Juhasz, Barbara"]
[Black "Szukics, Adam"]
[Result "1-0"]
[WhiteElo "2152"]
[BlackElo "1989"]
[PlyCount "127"]
[EventDate "2014.10.12"]
[EventType "team-tourn"]
[EventRounds "9"]
[EventCountry "HUN"]
[SourceTitle "EXT 2016"]
[Source "ChessBase"]
[SourceDate "2015.10.08"]
[SourceVersion "1"]
[SourceVersionDate "2015.10.08"]
[SourceQuality "1"]
[WhiteTeam "Mako"]
[BlackTeam "HVSE Infraplan"]
[WhiteTeamCountry "HUN"]
[BlackTeamCountry "HUN"]

1. e4 e5 2. Nf3 Nc6 3. Nc3 g6 4. d4 exd4 5. Nxd4 Bg7 6. Be3 Nge7 7. Qd2 0-0 8. 0-0-0 Re8 9. h4 d6 10. h5 a6 11. hxg6 hxg6 12. f3 b5 13. g4 Nxd4 14. Bxd4 f6 15. g5 c5 16. Bxc5 fxg5 17. Bxd6 Be6 18. e5 Rc8 19. Qxg5 Bf5 20. Bd3 Bxd3 21. Rxd3 Qd7 22. Bxe7 Qxe7 23. Qxg6 Qxe5 24. Qh7+ Kf8 25. Qh4 a5 26. f4 Qc7 27. Qh2 Qc4 28. f5 Qc6 29. Qd6+ Qxd6 30. Rxd6 Bxc3 31. bxc3 Ke7 32. Re6+ Kf7 33. Rh7+ Kg8 34. Rxe8+ Rxe8 35. Rb7 Re5 36. f6 Rf5 37. f7+ Kf8 38. Kb2 Rh5 39. Kb3 Rc5 40. Ra7 a4+ 41. Kb4 Rc4+ 42. Kxb5 Rxc3 43. Kxa4 Rxc2 44. a3 Rb2 45. Ka5 Rb1 46. a4 Rb2 47. Ka6 Rf2 48. Rc7 Rf6+ 49. Kb7 Rf5 50. Kb6 Rf6+ 51. Rc6 Rf4 52. a5 Rb4+ 53. Kc5 Rb1 54. Rc7 Ra1 55. Kb6 Rb1+ 56. Ka7 Ra1 57. a6 Ra2 58. Kb7 Rb2+ 59. Kc8 Ra2 60. a7 Ra1 61. Kb8 Rb1+ 62. Rb7 Rd1 63. a8Q Rd8+ 64. Ka7 1-0

[Event "HUN-chT 1415"]
[Site "Hungary"]
[Date "2015.03.22"]
[Round "8.2"]
[White "Szukics, Adam"]
[Black "Kiss, Jozsef1111"]
[Result "1-0"]
[WhiteElo "1989"]
[BlackElo "1912"]
[PlyCount "47"]
[EventDate "2014.10.12"]
[EventType "team-tourn"]
[EventRounds "9"]
[EventCountry "HUN"]
[SourceTitle "EXT 2016"]
[Source "ChessBase"]
[SourceDate "2015.10.08"]
[SourceVersion "1"]
[SourceVersionDate "2015.10.08"]
[SourceQuality "1"]
[WhiteTeam "HVSE Infraplan"]
[BlackTeam "Penzugyor"]
[WhiteTeamCountry "HUN"]
[BlackTeamCountry "HUN"]

1. e4 e5 2. Nf3 Nc6 3. Bb5 Nd4 4. Nxd4 exd4 5. d3 Ne7 6. 0-0 c6 7. Bc4 d5 8. Bb3 h5 9. Nd2 Bg4 10. f3 Be6 11. f4 dxe4 12. dxe4 Bg4 13. Qe1 Ng6 14. Nc4 Bc5 15. f5 Nf8 16. Ne5 d3+ 17. Kh1 Be2 18. Bxf7+ Ke7 19. Bg5+ Kd6 20. Bxd8 Rxd8 21. Nxd3 Bxf1 22. Qxf1 Bb6 23. Bb3 Nd7 24. Qf4+ 1-0

[Event "World ol U16"]
[Site "Gyor"]
[Date "2014.12.21"]
[Round "10.4"]
[White "Szukics, Adam"]
[Black "Nadzamova, Sofia"]
[Result "1-0"]
[WhiteElo "2000"]
[BlackElo "1734"]
[PlyCount "79"]
[EventDate "2014.12.13"]
[EventType "team-swiss"]
[EventRounds "10"]
[EventCountry "HUN"]
[SourceTitle "EXT 2016"]
[Source "ChessBase"]
[SourceDate "2015.10.08"]
[SourceVersion "1"]
[SourceVersionDate "2015.10.08"]
[SourceQuality "1"]
[WhiteTeam "Transdanubium West II"]
[BlackTeam "Slovakia East"]
[WhiteTeamCountry "HUN"]
[BlackTeamCountry "SVK"]

1. e4 c5 2. Nf3 Nc6 3. d4 cxd4 4. Nxd4 e5 5. Nb5 d6 6. c4 Be7 7. Be2 Nf6 8. N1c3 a6 9. Na3 0-0 10. Be3 Be6 11. 0-0 Rc8 12. Nab1 Na5 13. b3 Qc7 14. f3 Rfd8 15. Qe1 Nc6 16. Qf2 Rd7 17. Kh1 Nb4 18. Rc1 Nc6 19. Nd5 Qd8 20. Nb6 Rdc7 21. Nxc8 Rxc8 22. Nc3 Qe8 23. Bf1 h6 24. Qd2 Kh7 25. Nd5 Rd8 26. Rd1 Bxd5 27. cxd5 Nb8 28. Rac1 Nbd7 29. b4 Rc8 30. Rxc8 Qxc8 31. Rc1 Qb8 32. Qc3 Bd8 33. Qc8 Qxc8 34. Rxc8 Bb6 35. Bxb6 Nxb6 36. Rc7 Na4 37. Rxb7 Nc3 38. a3 Nb1 39. a4 Nc3 40. a5 1-0